00243nam a2200109Ia 4500008004100000041001200041082001100053100001300064245004400077260000600121650000600127221030s9999 xx 000 0 und d aEnglish a105.23 aJ. March 0aAdvanced Organic Chemistrycby J. March c0 aB